000
00263nam a22001217a 4500
008
181019b xxu||||| |||| 00| 0 eng d
041
_a
eng
080
_2
4th
_a
617
100
_a
5
101
_a
KIR
245
_a
Surgery of the Hand
_c
Boyes,J.H
942
_2
udc
_c
BK
999
_c
50212
_d
50212